000 00992cam a22002531i 4500
003 SA-RiAUC
005 20250827053530.0
008 250823s2005 ||| g 000 0 ara c
040 _aEG-CaDAJ
_bara
_cSA-RiAUC
_erda
043 _aa-su---
082 0 4 _a953.122
_qSA-RiAUC
090 _a953.122
_bع ز ا
100 1 _aالعزامي، خليل إبراهيم ملا خاطر،
_d1357 هجري-
_eمؤلف.
245 1 2 _aالحب المتبادل /
_cخليل بن إبراهيم ملا خاطر العزامي.
250 _aالطبعة الثانية.
264 1 _a[مكان النشر غير محدد] :
_bدار القبلة للثقافة الإسلامية،
_c2005
300 _a199 صفحة؛
_c24 سم.
336 _aنص
_btxt
_2rdacontent
_3كتاب
337 _aبدون وسيط
_bn
_2rdamedia
338 _aمجلد
_bnc
_2rdacarrier
651 7 _aالمدينة المنورة
_xفضائل
_2aucsh
942 _2ddc
_cBOOK
_n0
949 _aSA-JeALM
_d250823
_umohamedma123
_n1
999 _c11163
_d11163